000 00486nam a2200193Ia 4500
005 20250423095157.0
008 250422s9999 xx 000 0 und d
020 _a9781292027593
050 _aQH 541 .S624/
100 _aSmith, T. M.
245 0 _aElements of ecology
250 _a8th ed.
260 _aUnited States
260 _bPearson
260 _c2014
300 _a676 p
650 _aEcology. Ecology--Textbooks. Ecology--Study and teaching (Higher)
942 _cBK
999 _c29479
_d29479